00581nam a2200193Ia 4500008004100000041001200041082001100053100003600064245004600100260008300146300000800229365000700237520001300244546001200257630004600269650001300315655001300328730004600341101110s9999 xx 000 0 und d aMARATHI bJR4980 aKshirsagar R.N. aani Joshi C.J. aVyapar sanghatan aani vyavasthapan XI Com c2006bPhadake Praqkashan, PunePhadake Praqkashan, PunePhadake Praqkashan, Pune a252 b54 aCommerce aMARATHI aVyapar sanghatan aani vyavasthapan XI Com aCommerce aCommerce aVyapar sanghatan aani vyavasthapan XI Com